000 00455nam a22001937a 4500
003 bpm
005 20260421110941.0
008 260421b |||||||| |||| 00| p spa d
024 _aS. C. C. / M. C. y E. M.:
040 _aAR-CtUCP
041 _aspa
080 _aCDU
100 _aArias Jorge
245 _aPiedras de pie
260 _aMontevideo
_bDe la banda oriental
_c1992
650 _aLiteratura - Poesía
942 _cLIB
999 _c76682
_d76682